Welcome to Marium Abdulla Library

Embrace knowledge with a breath of fresh air.

Browse Collection

Marium Abdulla Library

Wall to wall : 100 great treatments for vertical surfaces (Record no. 10518)

MARC details
000 -LEADER
fixed length control field 00432nam a2200181Ia 4500
001 - CONTROL NUMBER
control field 14639
005 - DATE AND TIME OF LATEST TRANSACTION
control field 20250626030542.0
008 - FIXED-LENGTH DATA ELEMENTS--GENERAL INFORMATION
fixed length control field 211022s9999 xx 000 0 und d
020 ## - INTERNATIONAL STANDARD BOOK NUMBER
International Standard Book Number 9780307236524
082 ## - DEWEY DECIMAL CLASSIFICATION NUMBER
Classification number 747.3 BAR
100 ## - MAIN ENTRY--PERSONAL NAME
Personal name Barker, Linda
245 #0 - TITLE STATEMENT
Title Wall to wall : 100 great treatments for vertical surfaces
260 ## - PUBLICATION, DISTRIBUTION, ETC.
Place of publication, distribution, etc. New York
260 ## - PUBLICATION, DISTRIBUTION, ETC.
Name of publisher, distributor, etc. Clarkson Potter
260 ## - PUBLICATION, DISTRIBUTION, ETC.
Date of publication, distribution, etc. 2005
300 ## - PHYSICAL DESCRIPTION
Extent 144
942 ## - ADDED ENTRY ELEMENTS (KOHA)
Koha item type Book
Holdings
Date last seen Total checkouts Full call number Barcode Price effective from Koha item type Lost status Damaged status Not for loan Collection Withdrawn status Home library Current library Shelving location Date acquired Source of acquisition Cost, normal purchase price
10/26/2021   747.3 BAR 14639 10/26/2021 Book       Interior Design   Marium Abdulla Library Marium Abdulla Library Non-Ref 11/18/2019 Book Station 2500.00